000 00560nam a2200181Ia 4500
005 20250508160153.0
008 008 250505s9999 xx 000 0 eng d
037 _aBooks to be hide in OPAC
040 _aFEDL
_beng
_cFEDL
041 _aeng
_2eng
084 _qFEDL
245 0 _aStatistics of state universities and state colleges: For the year ended June 30 1919
260 _aWashington, USA
_bU.S. Government Printing Office
_c1921
300 _a28p.
546 _aBulletin, 1919, No. 87; Weeded out
942 _cHB
999 _c1362389
_d1362389